Indonesia's Transformation and the Stability of Southeast Asia (Record no. 352221)
[ view plain ]
| 000 -LEADER | |
|---|---|
| fixed length control field | 00627nam a2200133Ia 4500 |
| 008 - FIXED-LENGTH DATA ELEMENTS--GENERAL INFORMATION | |
| fixed length control field | 171212s9999 xx 000 0 und d |
| 020 ## - INTERNATIONAL STANDARD BOOK NUMBER | |
| International Standard Book Number | 9780833030061 |
| 100 ## - MAIN ENTRY--PERSONAL NAME | |
| Personal name | Rabasa, Angel;Chalk, Peter |
| 245 ## - TITLE STATEMENT | |
| Statement of responsibility, etc | Rabasa, Angel;Chalk, Peter |
| Title | Indonesia's Transformation and the Stability of Southeast Asia |
| 260 ## - PUBLICATION, DISTRIBUTION, ETC. (IMPRINT) | |
| Name of publisher, distributor, etc | RAND Corporation |
| Date of publication, distribution, etc | 2001 |
| 650 ## - SUBJECT ADDED ENTRY--TOPICAL TERM | |
| Topical term or geographic name as entry element | National security -- Indonesia; Indonesia -- Strategic aspects; Indonesia -- Politics and government -- 1998–; Asia, Southeastern -- Strategic aspects; National security -- Asia, Southeastern |
| 650 ## - SUBJECT ADDED ENTRY--TOPICAL TERM | |
| Topical term or geographic name as entry element | Political Science |
| 856 ## - ELECTRONIC LOCATION AND ACCESS | |
| Uniform Resource Identifier | <a href="www.jstor.org/stable/10.7249/mr1344af">www.jstor.org/stable/10.7249/mr1344af</a> |
| Withdrawn status | Lost status | Damaged status | Home library | Current library | Date acquired | Total Checkouts | Full call number | Date last seen | Price effective from | Koha item type |
|---|---|---|---|---|---|---|---|---|---|---|
| College Library | College Library | 12/12/2017 | UA853.I5 R33 2001 | 12/12/2017 | 12/12/2017 | Curriculum - Based eBooks |